[Event "ESP-chT CECLUB Div2"]
[Site "Linares"]
[Date "2023.08.16"]
[Round "5.37"]
[White "Martinez Ramos, Paula"]
[Black "Fernandez Barrera, Victor"]
[Result "1/2-1/2"]
[WhiteElo "2057"]
[BlackElo "2271"]
[PlyCount "59"]
[EventDate "2023.08.13"]
[EventType "team-swiss"]
[EventRounds "7"]
[EventCountry "ESP"]
[SourceTitle "EXT 2024"]
[Source "ChessBase"]
[SourceDate "2023.10.10"]
[SourceVersion "1"]
[SourceVersionDate "2023.10.10"]
[SourceQuality "1"]
[WhiteTeam "Ciudad Naranco"]
[BlackTeam "Excalibur"]
[WhiteTeamCountry "ESP"]
[BlackTeamCountry "ESP"]

1. Nf3 Nf6 2. g3 g6 3. Bg2 Bg7 4. 0-0 d5 5. d4 0-0 6. c4 dxc4 7. Na3 c5 8. Nxc4 Be6 9. Nfe5 Qc8 10. dxc5 Nfd7 11. Nxd7 Nxd7 12. c6 bxc6 13. Qa4 Bd5 14. Be3 Ne5 15. Nxe5 Bxe5 16. Rac1 Bxg2 17. Kxg2 Bxb2 18. Rxc6 Qb7 19. Qa6 Qd7 20. Rb1 Rfb8 21. Rc2 Bd4 22. Rxb8+ Rxb8 23. Rd2 e5 24. Bxd4 exd4 25. Qd3 Re8 26. Qxd4 Qxd4 27. Rxd4 Rxe2 28. Ra4 Re7 29. h4 h5 30. Kf3 1/2-1/2

[Event "ESP-ch U18"]
[Site "Salobrena"]
[Date "2023.08.05"]
[Round "9"]
[White "Felipo Martinez, Marcos"]
[Black "Martinez Ramos, Paula"]
[Result "0-1"]
[WhiteElo "1929"]
[BlackElo "2041"]
[PlyCount "68"]
[EventDate "2023.07.31"]
[EventType "swiss"]
[EventRounds "9"]
[EventCountry "ESP"]
[SourceTitle "CBM 215 Extra"]
[Source "ChessBase"]
[SourceDate "2023.09.30"]
[SourceVersion "1"]
[SourceVersionDate "2023.09.30"]
[SourceQuality "1"]

1. c4 e6 2. Nc3 d5 3. cxd5 exd5 4. d4 Nf6 5. Bg5 c6 6. e3 Be7 7. Bd3 Nbd7 8. Qc2 Nf8 9. Nf3 Ne6 10. Bh4 g6 11. 0-0 0-0 12. Rab1 Ng7 13. b4 Bf5 14. b5 Bxd3 15. Qxd3 Nf5 16. Bxf6 Bxf6 17. bxc6 bxc6 18. Na4 Nd6 19. Rfc1 Qd7 20. Qa6 Rfc8 21. Nd2 Qe8 22. Nc5 Rc7 23. Nb7 Nxb7 24. Rxb7 Qc8 25. Rcb1 Kg7 26. g3 Bd8 27. e4 Rb8 28. Rxa7 Rxb1+ 29. Nxb1 Qb8 30. Rxc7 Qxb1+ 31. Kg2 Qxe4+ 32. Kg1 Bxc7 33. Qxc6 Ba5 34. Qc5 Bd8 0-1

[Event "ESP-ch U18"]
[Site "Salobrena"]
[Date "2023.08.04"]
[Round "8"]
[White "Martinez Ramos, Paula"]
[Black "Diaz Mino, Daniel"]
[Result "0-1"]
[WhiteElo "2041"]
[BlackElo "2205"]
[PlyCount "166"]
[EventDate "2023.07.31"]
[EventType "swiss"]
[EventRounds "9"]
[EventCountry "ESP"]
[SourceTitle "CBM 215 Extra"]
[Source "ChessBase"]
[SourceDate "2023.09.30"]
[SourceVersion "1"]
[SourceVersionDate "2023.09.30"]
[SourceQuality "1"]

1. Nf3 Nf6 2. g3 b6 3. Bg2 Bb7 4. 0-0 g6 5. d4 Bg7 6. c4 0-0 7. Nc3 Ne4 8. Nxe4 Bxe4 9. Bf4 c5 10. Be5 Bxe5 11. Nxe5 Bxg2 12. Kxg2 Qc7 13. Nf3 cxd4 14. Qxd4 d6 15. Rfd1 Nd7 16. Rac1 Rac8 17. b3 Qb7 18. Kg1 Rc7 19. Qe3 Nf6 20. Nd4 Rfc8 21. Nb5 Rc5 22. Nd4 Re5 23. Qd3 Rh5 24. Nf3 Qd7 25. h4 Qh3 26. Ng5 Qg4 27. Nf3 Rhc5 28. Qe3 R8c7 29. Rd4 Qc8 30. Rcd1 Kg7 31. Ng5 Re5 32. Qd2 b5 33. Nf3 Rec5 34. Qe3 bxc4 35. Rxc4 Rxc4 36. bxc4 Qa6 37. c5 dxc5 38. Qe5 Rc8 39. g4 Kg8 40. Qxe7 Nxg4 41. Ng5 Qf6 42. Qxf6 Nxf6 43. Rc1 c4 44. Nf3 Ne4 45. Nd4 Rc5 46. f3 Nd6 47. Kf2 Kg7 48. e4 a6 49. Nc2 Rh5 50. Kg3 Ra5 51. Ne3 Rxa2 52. Nxc4 Nxc4 53. Rxc4 a5 54. Rc5 h5 55. Rb5 a4 56. Ra5 a3 57. Ra6 Ra1 58. Kg2 Kf8 59. Ra7 Ke8 60. Kh2 Kf8 61. Kg2 Ra2+ 62. Kg3 Ke8 63. Kh3 Ra1 64. Kg2 f5 65. exf5 gxf5 66. Kh2 Kd8 67. f4 Kc8 68. Ra5 a2 69. Kg2 Kb7 70. Ra3 Kb6 71. Ra8 Kb5 72. Ra7 Kc4 73. Ra8 Kd4 74. Ra4+ Ke3 75. Ra3+ Kxf4 76. Ra4+ Ke3 77. Ra3+ Kd4 78. Ra4+ Kc5 79. Ra5+ Kb6 80. Ra3 f4 81. Rb3+ Kc5 82. Rb2 f3+ 83. Kh2 Rh1+ 0-1

[Event "ESP-chT CECLUB Div2"]
[Site "Linares"]
[Date "2022.08.27"]
[Round "7.7"]
[White "Martinez Ramos, Paula"]
[Black "Guardiola Guillot, Lucas"]
[Result "1/2-1/2"]
[WhiteElo "2031"]
[BlackElo "2042"]
[PlyCount "107"]
[EventDate "2022.08.22"]
[EventType "team-swiss"]
[EventRounds "7"]
[EventCountry "ESP"]
[SourceTitle "CBM 209 Extra"]
[Source "ChessBase"]
[SourceDate "2022.09.30"]
[SourceVersion "1"]
[SourceVersionDate "2022.09.30"]
[SourceQuality "1"]
[WhiteTeam "Vetusta Chess"]
[BlackTeam "Mislata Lanjaron Discema"]
[WhiteTeamCountry "ESP"]
[BlackTeamCountry "ESP"]

1. Nf3 Nf6 2. d4 d5 3. g3 Bf5 4. Bg2 Qc8 5. 0-0 Bh3 6. c4 Bxg2 7. Kxg2 e6 8. cxd5 exd5 9. Nc3 Be7 10. Bf4 c6 11. Rc1 Na6 12. Qb3 0-0 13. Rfd1 Rd8 14. Ne5 Nc7 15. Na4 Ne6 16. Be3 Qc7 17. Nd3 Re8 18. Nac5 Bxc5 19. Nxc5 Nxc5 20. Rxc5 Qd7 21. Rc2 Re6 22. Qd3 Rae8 23. Re1 Ng4 24. Bf4 Rg6 25. b4 Re4 26. Qd2 Qf5 27. Rc3 Ree6 28. Rf3 Nf6 29. Be5 Qe4 30. Qf4 Qxf4 31. Bxf4 Ne4 32. Rc1 a6 33. Rc2 h6 34. a4 Re7 35. Rb3 Rge6 36. h3 g5 37. Bc1 Nd6 38. Re3 Rxe3 39. Bxe3 Nf5 40. Rc3 Nxe3+ 41. fxe3 Re6 42. Kf3 Kg7 43. Rc5 b6 44. Rc1 Kf6 45. a5 bxa5 46. bxa5 Ke7 47. Rb1 Rf6+ 48. Kg2 Re6 49. Kf2 Rf6+ 50. Ke1 Kd7 51. Rb6 Kc7 52. Rxa6 Kb7 53. Rb6+ Ka7 54. g4 1/2-1/2

[Event "ESP-chT CECLUB Div2"]
[Site "Linares"]
[Date "2022.08.23"]
[Round "2.8"]
[White "Martinez Ramos, Paula"]
[Black "Del Valle Rosas, Alfonso"]
[Result "1-0"]
[WhiteElo "2031"]
[BlackElo "1938"]
[PlyCount "65"]
[EventDate "2022.08.22"]
[EventType "team-swiss"]
[EventRounds "7"]
[EventCountry "ESP"]
[SourceTitle "CBM 209 Extra"]
[Source "ChessBase"]
[SourceDate "2022.09.30"]
[SourceVersion "1"]
[SourceVersionDate "2022.09.30"]
[SourceQuality "1"]
[WhiteTeam "Vetusta Chess"]
[BlackTeam "Covadonga Cultura"]
[WhiteTeamCountry "ESP"]
[BlackTeamCountry "ESP"]

1. Nf3 c5 2. c4 g6 3. g3 Bg7 4. Bg2 Nc6 5. Nc3 d6 6. 0-0 e5 7. Ne1 Be6 8. d3 Nge7 9. Nc2 d5 10. cxd5 Nxd5 11. Ne3 Nde7 12. Ne4 b6 13. Ng5 Bd7 14. Nc4 0-0 15. f4 h6 16. Ne4 f5 17. Nc3 Kh7 18. Nxe5 Nxe5 19. Bxa8 Qxa8 20. fxe5 Bxe5 21. e3 Bc6 22. Qe2 g5 23. e4 f4 24. gxf4 gxf4 25. Qh5 Bd4+ 26. Kh1 Ng6 27. Ne2 Be5 28. Rg1 Rg8 29. Nxf4 Bxe4+ 30. dxe4 Qxe4+ 31. Ng2 Nf4 32. Bxf4 Bxf4 33. Qf7+ 1-0

[Event "ESP-ch U16 Rapid"]
[Site "Salobrena"]
[Date "2022.07.30"]
[Round "2"]
[White "Candela Martin, Alvaro"]
[Black "Martinez Ramos, Paula"]
[Result "1/2-1/2"]
[WhiteElo "1749"]
[BlackElo "1489"]
[PlyCount "117"]
[EventDate "2022.07.30"]
[EventType "swiss (rapid)"]
[EventRounds "9"]
[EventCountry "ESP"]
[SourceTitle "EXT 2023"]
[Source "ChessBase"]
[SourceDate "2022.10.05"]
[SourceVersion "1"]
[SourceVersionDate "2022.10.05"]
[SourceQuality "1"]

1. e4 c5 2. Nf3 d6 3. Bb5+ Nd7 4. 0-0 Ngf6 5. Re1 a6 6. Bd3 e6 7. c3 Be7 8. Bc2 b5 9. h3 Bb7 10. d4 0-0 11. Nbd2 Qc7 12. Nf1 Rfc8 13. Ng3 g6 14. Bh6 Bf8 15. Qd2 Bg7 16. Rad1 Nb6 17. b3 Rd8 18. Bxg7 Kxg7 19. Bb1 a5 20. Qe2 c4 21. bxc4 Nxc4 22. Bd3 Rac8 23. Rb1 Ba6 24. Rb3 Rb8 25. Reb1 a4 26. Rb4 Rdc8 27. Bxc4 bxc4 28. Qc2 Rxb4 29. Rxb4 Rb8 30. Qxa4 Rxb4 31. Qxb4 Bb7 32. Nd2 d5 33. e5 Nd7 34. a4 Bc6 35. Nb1 Qa7 36. a5 Nb8 37. Qd6 Qb7 38. Na3 Na6 39. Ne2 Ba4 40. Qb6 Qxb6 41. axb6 Bc6 42. Nc1 Nb8 43. Na2 Nd7 44. Nb4 Bb7 45. Nb5 Nxb6 46. Nd6 Bc8 47. Kf1 Bd7 48. Ke2 Na4 49. Kd2 Nb6 50. Na6 Ba4 51. Nc5 Bc6 52. Kc2 h5 53. h4 Kf8 54. Kb2 Na4+ 55. Nxa4 Bxa4 56. Ka3 Bc6 57. Kb4 Ke7 58. Kc5 Ba4 59. Kb4 1/2-1/2

[Event "ESP-ch U16"]
[Site "Salobrena"]
[Date "2022.07.28"]
[Round "6"]
[White "Lorenzo Calvo, Damian Angel"]
[Black "Martinez Ramos, Paula"]
[Result "1/2-1/2"]
[WhiteElo "1753"]
[BlackElo "2003"]
[PlyCount "86"]
[EventDate "2022.07.25"]
[EventType "swiss"]
[EventRounds "9"]
[EventCountry "ESP"]
[SourceTitle "EXT 2023"]
[Source "ChessBase"]
[SourceDate "2022.10.05"]
[SourceVersion "1"]
[SourceVersionDate "2022.10.05"]
[SourceQuality "1"]

1. e4 c5 2. Nf3 d6 3. Bb5+ Nd7 4. 0-0 Ngf6 5. Re1 a6 6. Bd3 e5 7. c3 Be7 8. Bc2 0-0 9. d4 b5 10. Nbd2 Qc7 11. Nf1 Re8 12. Ng3 g6 13. h3 Bb7 14. Be3 Bf8 15. d5 Bg7 16. Qd2 c4 17. Bh6 Reb8 18. Nh4 Bxh6 19. Qxh6 Qd8 20. f4 Qf8 21. Qxf8+ Kxf8 22. fxe5 Nxe5 23. Nf3 Nfd7 24. Kf2 Re8 25. Re3 a5 26. Ne2 b4 27. Ned4 Nc5 28. Nxe5 Rxe5 29. Rae1 f6 30. Nb5 Ba6 31. Nd4 Ree8 32. Nc6 b3 33. axb3 cxb3 34. Bb1 a4 35. Nb4 Bc4 36. Bd3 Bxd3 37. Nxd3 Nxd3+ 38. Rxd3 a3 39. bxa3 Rxa3 40. Rd2 Rc8 41. Rc1 Rca8 42. Ke3 Re8 43. Kd3 Rb8 1/2-1/2

[Event "ESP-ch U16"]
[Site "Salobrena"]
[Date "2022.07.27"]
[Round "4"]
[White "Martinez Soriano, Javier"]
[Black "Martinez Ramos, Paula"]
[Result "1-0"]
[WhiteElo "1932"]
[BlackElo "2003"]
[PlyCount "127"]
[EventDate "2022.07.25"]
[EventType "swiss"]
[EventRounds "9"]
[EventCountry "ESP"]
[SourceTitle "EXT 2023"]
[Source "ChessBase"]
[SourceDate "2022.10.05"]
[SourceVersion "1"]
[SourceVersionDate "2022.10.05"]
[SourceQuality "1"]

1. e4 c5 2. Nf3 d6 3. d4 cxd4 4. Nxd4 Nf6 5. Nc3 a6 6. Nb3 e6 7. Bd3 Be7 8. Qe2 Nc6 9. f4 Qc7 10. 0-0 0-0 11. Be3 b5 12. a4 b4 13. Nb1 a5 14. N1d2 Nd7 15. Qf2 Ba6 16. h3 Rfe8 17. Qe2 Bb7 18. Rab1 Rac8 19. Qf2 Bf8 20. Rfc1 Be7 21. c3 Qb8 22. Bb5 bxc3 23. Rxc3 Qa8 24. Rbc1 Red8 25. Nc4 d5 26. exd5 exd5 27. Nb6 Nxb6 28. Bxb6 Rf8 29. Nc5 Bxc5 30. Bxc5 Rfd8 31. Bb6 Rf8 32. f5 f6 33. Re1 Ne5 34. Bd4 Rxc3 35. bxc3 Nc4 36. Re7 Nd6 37. Bd7 Qd8 38. Be6+ Kh8 39. Rd7 Qb8 40. Qg3 Nxf5 41. Qxb8 Rxb8 42. Bxf5 Bc6 43. Rd6 Bxa4 44. Rxd5 Ra8 45. Bb6 Bc6 46. Rc5 Bb7 47. Bxa5 g6 48. Bd3 Kg8 49. Kf2 Re8 50. Rc7 Bd5 51. Bc4 Bxc4 52. Rxc4 Ra8 53. Bb4 Ra7 54. Bd6 Ra6 55. Bb4 Ra7 56. Rc6 Kf7 57. Kf3 f5 58. c4 Rb7 59. Bd2 Rb3+ 60. Ke2 Rg3 61. Kf2 Rb3 62. c5 Rd3 63. Be3 Rc3 64. Rc7+ 1-0

[Event "ESP-ch U16"]
[Site "Salobrena"]
[Date "2022.07.26"]
[Round "3"]
[White "Martinez Ramos, Paula"]
[Black "Arguelles Gonzalez, Victor"]
[Result "1-0"]
[WhiteElo "2003"]
[BlackElo "1809"]
[PlyCount "91"]
[EventDate "2022.07.25"]
[EventType "swiss"]
[EventRounds "9"]
[EventCountry "ESP"]
[SourceTitle "EXT 2023"]
[Source "ChessBase"]
[SourceDate "2022.10.05"]
[SourceVersion "1"]
[SourceVersionDate "2022.10.05"]
[SourceQuality "1"]

1. Nf3 Nf6 2. d4 e6 3. g3 d5 4. Bg2 c5 5. c4 cxd4 6. 0-0 Nc6 7. cxd5 Nxd5 8. Nxd4 Nxd4 9. Qxd4 Nb6 10. Qxd8+ Kxd8 11. Rd1+ Ke8 12. Nc3 a6 13. Bf4 Be7 14. Rac1 Nd7 15. Na4 Bd8 16. Rc2 e5 17. Be3 Ba5 18. Nc5 Rb8 19. Nxd7 Bxd7 20. Rd5 Bd8 21. Rxe5+ Be6 22. Bf4 Ra8 23. Bxb7 Ra7 24. Bc8 Re7 25. Bxe6 Rxe6 26. Rxe6+ fxe6 27. Rc6 Kf7 28. Rc8 Re8 29. Bd6 Bf6 30. Rxe8 Kxe8 31. b4 Kd7 32. Bf8 Kc6 33. a4 g6 34. e4 Bc3 35. Kf1 h5 36. h3 a5 37. b5+ Kb6 38. Ke2 Bd4 39. Be7 Bc3 40. g4 hxg4 41. hxg4 e5 42. Kd3 Be1 43. f3 Kc7 44. Kc4 Kd7 45. Bc5 Bd2 46. Kd5 1-0

[Event "ESP-ch U16"]
[Site "Salobrena"]
[Date "2022.07.25"]
[Round "2"]
[White "Gomez Pastrana, Juan"]
[Black "Martinez Ramos, Paula"]
[Result "1/2-1/2"]
[WhiteElo "1788"]
[BlackElo "2003"]
[PlyCount "75"]
[EventDate "2022.07.25"]
[EventType "swiss"]
[EventRounds "9"]
[EventCountry "ESP"]
[SourceTitle "EXT 2023"]
[Source "ChessBase"]
[SourceDate "2022.10.05"]
[SourceVersion "1"]
[SourceVersionDate "2022.10.05"]
[SourceQuality "1"]

1. e4 c5 2. Nc3 d6 3. Nge2 Nf6 4. g3 Nc6 5. Bg2 g6 6. 0-0 Bg7 7. d4 cxd4 8. Nxd4 Nxd4 9. Qxd4 0-0 10. h3 a6 11. f4 Nd7 12. Qe3 Nb6 13. b3 Qc7 14. Bb2 Bd7 15. Nd1 Rac8 16. Bxg7 Kxg7 17. c4 Bc6 18. Nc3 Nd7 19. Rac1 Qb6 20. Qxb6 Nxb6 21. Nd5 Bxd5 22. exd5 Nd7 23. Rfe1 Rfe8 24. Bf1 Rc7 25. Rc3 Kf8 26. Rce3 Nf6 27. g4 Rb8 28. Kf2 b5 29. Kf3 b4 30. g5 Nh5 31. a4 bxa3 32. Ra1 Rb6 33. Rxa3 Ng7 34. Bd3 e6 35. Be4 exd5 36. Bxd5 Nf5 37. Rd3 Ne7 38. Be4 1/2-1/2

[Event "Oviedo op 8th"]
[Site "Oviedo"]
[Date "2022.07.19"]
[Round "4"]
[White "Miranda Llanes, Yerisbel"]
[Black "Martinez Ramos, Paula"]
[Result "1/2-1/2"]
[WhiteElo "2347"]
[BlackElo "2003"]
[PlyCount "80"]
[EventDate "2022.07.17"]
[EventType "swiss"]
[EventRounds "9"]
[EventCountry "ESP"]
[SourceTitle "CBM 209 Extra"]
[Source "ChessBase"]
[SourceDate "2022.09.30"]
[SourceVersion "1"]
[SourceVersionDate "2022.09.30"]
[SourceQuality "1"]

1. d4 Nf6 2. c4 e6 3. Nc3 Bb4 4. a3 Bxc3+ 5. bxc3 c5 6. f3 0-0 7. e4 d6 8. Bd3 Nc6 9. Ne2 b6 10. Bg5 Ba6 11. f4 e5 12. fxe5 dxe5 13. d5 Na5 14. 0-0 Kh8 15. Qe1 Qd6 16. Bxf6 gxf6 17. Qh4 Rg8 18. Rxf6 Qe7 19. d6 Qd8 20. Ng3 Rg6 21. Nh5 Bc8 22. Raf1 Bg4 23. Ng3 Nc6 24. h3 Be6 25. Nh5 Nb8 26. Qf2 Nd7 27. Rf3 Qg5 28. Ng3 Rag8 29. Kh1 Qh4 30. Ne2 Qxf2 31. R1xf2 h5 32. Kh2 h4 33. g3 hxg3+ 34. Nxg3 Rh6 35. Bf1 Rg7 36. Rd2 Rgg6 37. Bg2 Kg8 38. Bf1 Kf8 39. Bg2 Kg8 40. Bf1 Kf8 1/2-1/2

[Event "ESP-ch U16"]
[Site "Salobrena"]
[Date "2021.07.24"]
[Round "9"]
[White "Martinez Ramos, Paula"]
[Black "Yeste Piqueras, Marcos"]
[Result "1/2-1/2"]
[WhiteElo "1687"]
[BlackElo "1840"]
[PlyCount "68"]
[EventDate "2021.07.19"]
[EventType "swiss"]
[EventRounds "9"]
[EventCountry "ESP"]
[SourceTitle "EXT 2022"]
[Source "ChessBase"]
[SourceDate "2021.10.06"]
[SourceVersion "1"]
[SourceVersionDate "2021.10.06"]
[SourceQuality "1"]

1. Nf3 c5 2. c4 Nf6 3. g3 b6 4. Bg2 Bb7 5. 0-0 e6 6. Nc3 Be7 7. e3 0-0 8. d4 cxd4 9. exd4 d5 10. cxd5 Nxd5 11. Nxd5 Bxd5 12. Be3 Nd7 13. Ne1 Nf6 14. Rc1 Rc8 15. Bxd5 Nxd5 16. Rxc8 Qxc8 17. Nd3 Bf6 18. Qb3 Qd7 19. Rc1 Rd8 20. Qc4 h6 21. Qc6 Qxc6 22. Rxc6 Rd7 23. Rc4 Nxe3 24. fxe3 e5 25. Nxe5 Bxe5 26. dxe5 Re7 27. Rc8+ Kh7 28. Ra8 Kg6 29. e4 Rxe5 30. Rxa7 Rxe4 31. Ra6 Re6 32. a4 Kf5 33. b4 Ke5 34. Kf2 Kd5 1/2-1/2

[Event "ESP-ch U16"]
[Site "Salobrena"]
[Date "2021.07.20"]
[Round "3"]
[White "Martinez Ramos, Paula"]
[Black "Moll Gener, Joan"]
[Result "1-0"]
[WhiteElo "1687"]
[BlackElo "2022"]
[PlyCount "67"]
[EventDate "2021.07.19"]
[EventType "swiss"]
[EventRounds "9"]
[EventCountry "ESP"]
[SourceTitle "EXT 2022"]
[Source "ChessBase"]
[SourceDate "2021.10.06"]
[SourceVersion "1"]
[SourceVersionDate "2021.10.06"]
[SourceQuality "1"]

1. Nf3 Nf6 2. g3 g6 3. Bg2 Bg7 4. 0-0 0-0 5. d4 d6 6. c4 Nbd7 7. Nc3 e5 8. e4 exd4 9. Nxd4 Re8 10. h3 a6 11. Re1 c5 12. Nc2 Ne5 13. Ne3 Nc6 14. Rb1 Nd4 15. b3 b5 16. e5 Bxh3 17. exf6 Bxg2 18. Kxg2 Bxf6 19. Ned5 Rxe1 20. Qxe1 Ra7 21. Qe8+ Kg7 22. Qxd8 Bxd8 23. Bf4 Rd7 24. Ne4 Nf5 25. g4 Nh4+ 26. Kg3 f5 27. Ng5 Kh8 28. Kxh4 h6 29. gxf5 gxf5 30. Kh5 hxg5 31. Bxg5 Rh7+ 32. Bh6 Ba5 33. Kg6 Bd8 34. Re1 1-0

[Event "ESP-ch U16"]
[Site "Salobrena"]
[Date "2021.07.19"]
[Round "1"]
[White "Martinez Ramos, Paula"]
[Black "Luque Saiz, Andres"]
[Result "0-1"]
[WhiteElo "1687"]
[BlackElo "2131"]
[PlyCount "114"]
[EventDate "2021.07.19"]
[EventType "swiss"]
[EventRounds "9"]
[EventCountry "ESP"]
[SourceTitle "EXT 2022"]
[Source "ChessBase"]
[SourceDate "2021.10.06"]
[SourceVersion "1"]
[SourceVersionDate "2021.10.06"]
[SourceQuality "1"]

1. Nf3 d5 2. d4 Nf6 3. g3 Bf5 4. Bg2 h6 5. 0-0 c6 6. c4 e6 7. Nc3 Be7 8. Nd2 Nbd7 9. e4 dxe4 10. Ndxe4 Nxe4 11. Nxe4 0-0 12. Be3 Nf6 13. Nc3 Qa5 14. Qe2 Rfd8 15. Rfd1 Bg4 16. Bf3 Qh5 17. Bxg4 Nxg4 18. f3 Nxe3 19. Qxe3 Rd7 20. Rd3 Rad8 21. Rad1 Qa5 22. Kg2 Bg5 23. f4 Be7 24. R1d2 Qa6 25. b3 Bb4 26. Kf3 Qa5 27. g4 Kh8 28. h3 Rd6 29. Kg3 R8d7 30. c5 Bxc3 31. Rxc3 Rd5 32. Rcd3 Qb4 33. Kf3 b6 34. cxb6 axb6 35. Ke2 Qb5 36. Qe4 Rxd4 37. Qe3 c5 38. Qf3 Qa6 39. a4 Kg8 40. Rd1 Kf8 41. Qe3 Ke7 42. R1d2 R7d5 43. Rd1 g5 44. fxg5 hxg5 45. R1d2 Kd6 46. Qg3+ e5 47. Rd1 Rxd3 48. Rxd3 Qxd3+ 49. Qxd3 Rxd3 50. Kxd3 Kd5 51. Ke3 e4 52. Ke2 Kd4 53. Kd2 e3+ 54. Ke2 Ke4 55. Ke1 Kd3 56. Kd1 e2+ 57. Ke1 Kd4 0-1

[Event "ESP-chT Regional U16"]
[Site "Gijon"]
[Date "2021.06.17"]
[Round "2.4"]
[White "Martinez Ramos, Paula"]
[Black "Portero Bravo, Aitana"]
[Result "1-0"]
[WhiteElo "1685"]
[BlackElo "1704"]
[PlyCount "111"]
[EventDate "2021.06.17"]
[EventType "team-swiss"]
[EventRounds "6"]
[EventCountry "ESP"]
[SourceTitle "EXT 2022"]
[Source "ChessBase"]
[SourceDate "2021.10.06"]
[SourceVersion "1"]
[SourceVersionDate "2021.10.06"]
[SourceQuality "1"]
[WhiteTeam "Asturias U16"]
[BlackTeam "Andalucia U16"]
[WhiteTeamCountry "ESP"]
[BlackTeamCountry "ESP"]

1. Nf3 Nf6 2. g3 g6 3. Bg2 Bg7 4. 0-0 0-0 5. d4 c5 6. c4 d6 7. dxc5 dxc5 8. Ne5 Nbd7 9. Nd3 Ne8 10. Nxc5 Qc7 11. Bxb7 Rb8 12. Nxd7 Bxd7 13. Bf3 Bxb2 14. Bxb2 Rxb2 15. Qd4 Rb4 16. Nd2 Nd6 17. Qc3 a5 18. Qe5 Be6 19. a3 Rbb8 20. Rfc1 Rfc8 21. Bd5 Bf5 22. c5 Nb5 23. Qxc7 Nxc7 24. Bf3 a4 25. Rc4 Rb2 26. Ne4 Nb5 27. Rxa4 Bxe4 28. Rxe4 Rxc5 29. Rxe7 Nd4 30. Rd1 Nxf3+ 31. exf3 Rb3 32. Re3 Rcc3 33. Ra1 Rxe3 34. fxe3 Rxe3 35. Kf2 Re6 36. a4 Kf8 37. a5 Ra6 38. Ke3 Ke7 39. h4 Ke6 40. Kd4 Kd6 41. Kc4 Kc6 42. Kb4 Ra8 43. Rc1+ Kb7 44. Kb5 Rb8 45. a6+ Ka7+ 46. Ka5 Rb2 47. Rc7+ Ka8 48. Rxf7 Ra2+ 49. Kb6 Rb2+ 50. Kc5 Ra2 51. a7 h5 52. Rg7 Ra6 53. Kd5 Ra5+ 54. Ke6 Ra6+ 55. Kf7 g5 56. Rxg5 1-0

[Event "ESP-ch U14"]
[Site "Salobrena"]
[Date "2020.08.08"]
[Round "9"]
[White "Gomez Alonso, Daniel Eduardo"]
[Black "Martinez Ramos, Paula"]
[Result "0-1"]
[WhiteElo "1517"]
[BlackElo "1655"]
[PlyCount "116"]
[EventDate "2020.08.03"]
[EventType "swiss"]
[EventRounds "9"]
[EventCountry "ESP"]
[SourceTitle "EXT 2021"]
[Source "ChessBase"]
[SourceDate "2020.10.23"]
[SourceVersion "1"]
[SourceVersionDate "2020.10.23"]
[SourceQuality "1"]

1. d4 d5 2. c4 e6 3. Nc3 Nf6 4. cxd5 exd5 5. Bg5 Be7 6. Nf3 0-0 7. e3 c6 8. Bd3 Re8 9. Qc2 Nbd7 10. 0-0 Nf8 11. a3 a5 12. Rab1 Ne4 13. Nxe4 dxe4 14. Bxe4 Bxg5 15. Nxg5 Qxg5 16. f4 Qe7 17. Bd3 Qxe3+ 18. Kh1 Bg4 19. f5 Be2 20. Bxe2 Qxe2 21. Qc3 Re3 22. Qc5 Qb5 23. Qc1 Re2 24. f6 Qd5 25. Rg1 Ng6 26. Qf1 Rae8 27. fxg7 Kxg7 28. b4 a4 29. Rd1 Qe4 30. Rc1 Nf4 31. Qf3 Qxf3 32. gxf3+ Kf6 33. Rg4 Nd3 34. Rf1 Nf2+ 35. Kg1 Nxg4 36. fxg4+ Ke6 37. Rf3 Rd8 38. Rd3 Kd5 39. Rf3 Kxd4 40. Rxf7 Kc3 41. Rf3+ Kb2 42. h3 Rd1+ 43. Rf1 Rxf1+ 44. Kxf1 Rh2 45. Kg1 Rxh3 46. Kg2 Rh4 47. Kg3 Rxg4+ 48. Kxg4 Kxa3 49. b5 cxb5 50. Kf3 Kb2 51. Ke2 a3 52. Kd2 a2 53. Kd3 a1Q 54. Kd2 Qa3 55. Ke1 Qd3 56. Kf2 Kc3 57. Ke1 Qe3+ 58. Kd1 Qd2# 0-1

[Event "ESP-ch U14"]
[Site "Salobrena"]
[Date "2020.08.07"]
[Round "7"]
[White "Martinez Ramos, Paula"]
[Black "Garijo Perez, Hugo"]
[Result "1/2-1/2"]
[WhiteElo "1655"]
[BlackElo "1785"]
[PlyCount "87"]
[EventDate "2020.08.03"]
[EventType "swiss"]
[EventRounds "9"]
[EventCountry "ESP"]
[SourceTitle "EXT 2021"]
[Source "ChessBase"]
[SourceDate "2020.10.23"]
[SourceVersion "1"]
[SourceVersionDate "2020.10.23"]
[SourceQuality "1"]

1. Nf3 Nf6 2. g3 d5 3. d4 e6 4. Bg2 Be7 5. 0-0 0-0 6. c4 dxc4 7. Qc2 a6 8. Qxc4 b5 9. Qc2 Bb7 10. Bd2 Be4 11. Qc1 c6 12. Rd1 Qb6 13. Be3 Nd5 14. Nc3 Bxf3 15. Bxf3 Nd7 16. a3 Rac8 17. b4 a5 18. Nxd5 cxd5 19. bxa5 Qxa5 20. Qb2 Rc4 21. Bd2 Qa4 22. Rdc1 Rfc8 23. Rc3 Rxc3 24. Bxc3 Nb6 25. Rb1 Bd8 26. e3 Nc4 27. Qxb5 Qxb5 28. Rxb5 Be7 29. a4 Nxe3 30. fxe3 Rxc3 31. Rb8+ Bf8 32. Kf2 Ra3 33. Ra8 g6 34. e4 dxe4 35. Bxe4 Kg7 36. d5 Bc5+ 37. Kg2 Ra2+ 38. Kh1 f5 39. Bf3 Ra3 40. Kg2 Ra2+ 41. Kh1 g5 42. h3 Rf2 43. Bg2 Ra2 44. Bf3 1/2-1/2